San Antonio Spurs 2010s Top 10 Leaders - Statistics

General Stats
  • This quiz has been taken 212 times
  • The average score is 9 of 15
Answer Stats
Answer % Correct
Tim Duncan
100%
Tony Parker
99%
Manu Ginobili
98%
Kawhi Leonard
96%
LaMarcus Aldridge
87%
Danny Green
73%
DeMar DeRozan
65%
Patty Mills
62%
Tiago Splitter
62%
Boris Diaw
59%
Pau Gasol
44%
Marco Belinelli
31%
Matt Bonner
29%
Kyle Anderson
15%
DeJuan Blair
11%
No matching quizzes found
Score Distribution
Percent of People with Each Score
Percentile by Number Answered
Your Score History
You have not taken this quiz